Video poker and slots for the winner (Record no. 88994)

MARC details
000 -LEADER
fixed length control field 00665nam a2200229Ia 4500
008 - FIXED-LENGTH DATA ELEMENTS--GENERAL INFORMATION
fixed length control field 191130s2002##################000#0#eng##
020 ## - INTERNATIONAL STANDARD BOOK NUMBER
ISBN 9781580420624
082 ## - DEWEY DECIMAL CLASSIFICATION NUMBER
Classification number 795.4120285 JEN
100 ## - MAIN ENTRY--AUTHOR NAME
Personal name Jensen, Marten
245 ## - TITLE STATEMENT
Title Video poker and slots for the winner
Statement of responsibility, etc Marten Jensen
250 ## - EDITION STATEMENT
Edition statement 2nd ed
260 ## - PUBLICATION, DISTRIBUTION, ETC. (IMPRINT)
Place of publication Brooklyn, NY
Name of publisher Cardoza Publishing
Year of publication 2002
300 ## - PHYSICAL DESCRIPTION
Number of Pages 256 p. : ill. ; 22 cm
500 ## - GENERAL NOTE
General note Expanded ed. of: Video poker for the winner. 1st ed. c1999
650 ## - SUBJECT ADDED ENTRY--TOPICAL TERM
Topical Term Slot machines
Topical Term Video poker
991 ## -
-- 333077
Holdings
Withdrawn status Lost status Damaged status Not for loan Home library Current library Shelving location Date acquired Full call number Accession Number Price effective from Koha item type
        Anna Centenary Library Anna Centenary Library 6TH FLOOR, B WING 09.10.2020 795.4120285 JEN 460501 09.10.2020 English Books

Find us on the map